Gaming Quiz

Random Gaming or Pokémon Quiz

TM's replaced in Generation V Quiz Stats

Quiz not verified by Sporcle

Challenge
Share
Tweet
Embed
Score 0/23 Timer 05:00
0 Plays Today
Replacement Name of original Move % Correct
Hone ClawsFocus Punch
91.4%
PsyshockWater Pulse
51.9%
TelekinesisGiga Drain
50.6%
Ally SwitchRoost
50.6%
Sludge WaveShock Wave
49.4%
IncinerateDragon Pulse
48.1%
Frost BreathDark Pulse
48.1%
RoundSkill Swap
46.9%
Smack DownIron Tail
44.4%
ScaldBrine
44.4%
Low SweepSteel Wing
43.2%
VenoshockBullet Seed
42%
Replacement Name of original Move % Correct
Echoed VoiceSnatch
42%
Struggle BugStealth Rock
42%
Volt SwitchAvalanche
39.5%
Flame ChargeSecret Power
34.6%
PostponeDrain Punch
33.3%
RetaliateRecycle
25.9%
AcrobaticsSilver Wind
24.7%
Work UpNatural Gift
24.7%
Sky DropEndure
22.2%
BulldozeCaptivate
19.8%
Dragon TailSleep Talk
19.8%

You're not logged in!

Compare scores with friends on all Sporcle quizzes.
Sign Up with Email
OR
Log In

You Might Also Like...

Show Comments

Extras

Top Quizzes Today


Score Distribution

Your Account Isn't Verified!

In order to create a playlist on Sporcle, you need to verify the email address you used during registration. Go to your Sporcle Settings to finish the process.

Report this User

Report this user for behavior that violates our Community Guidelines.

Details: